000 00913nam a2200265Ia 4500
003 OSt
005 20220923211227.0
006 a|||||r|||| 00| 0
007 ta
008 220922b |||||||| |||| 00| 0 hin d
020 _a9788170564133 (hbk)
_c600
024 _a273,271
037 _b23061, 16/08/2013, Kitab Ghar
_cTextual
040 _aARTS
_cARTS
_bhin
041 _2hin
_ahin
082 _aS1:7:7, 152P7
100 _aबृन्दा सिंह
245 0 _aबाल विकास एवं बाल मनोविज्ञान
246 _aBāl vikās evan bāl hinovijnyāna
260 _aजयपुर
_b पंचशील प्रकाशन
_c2007
300 _a432पृ.
_ccm.
650 _aमनोविज्ञान
942 _hS1:7:7, 152P7
_cTEXL
_2CC
999 _c297255
_d297255